000 00459nam a2200169Ia 4500
003 GCL
008 140319s9999 xx 000 0 eng d
040 _aGCL /
_cGCL
082 0 4 _a623.043
_bL E
100 1 _aLOVEDAY, GEORGE
245 1 0 _aELECTRONIC TESTING AND FAULT DIAGNOSIS /
_cLOVEDAY, GEORGE
260 _a[S.N] :
_bLONGMAN SCIENTIFE & TECHNICAL ،
_c1995
300 _a287 P
650 0 4 _aELECTRONIC
650 0 4 _aFAULT DIAGNOSIS
942 _2ddc
_cBK
999 _c23836
_d23836